000 00782nas a2200289 4500
001 BR0705707
003 BR-BrBNA
005 20231205111023.0
007 ta
008 230509b bl.|||p| |||| 00| 00por d
040 _aBR-BrBNA
_bpor
_cBiblioteca Nacional de Agricultura
041 _a(Pt)
072 _aE70; E71
100 1 _aNeves, M.F.
100 1 _aLopes, F.F.
100 1 _aTrombin, V.G.
245 1 _aCondições de barganha
650 _aLARANJA
650 _aCOMERCIALIZAÇÃO
650 _aMERCADO NACIONAL
650 _aMERCADO INTERNACIONAL
650 _aPRODUTOR
650 _aINDÚSTRIA
773 0 _tAgroanalysis (Brazil)
_xISSN 0100-4298
_g(Jun 2007), v. 27(6) p. 12
_wBR0705707
909 _a202311
_bLúcia
_c55
_dLúcia Elande
942 _2AGRIS
_n0
_cANA
999 _c190220
_d190220